| 000 -CABECERA |
| campo de control de longitud fija |
00950nam a2200289 a 4500 |
| 001 - NÚMERO DE CONTROL |
| campo de control |
$$a0000010894 |
| 005 - FECHA Y HORA DE LA ÚLTIMA TRANSACCIÓN |
| campo de control |
20200120221901.0 |
| 008 - DATOS DE LONGITUD FIJA--INFORMACIÓN GENERAL |
| campo de control de longitud fija |
990316s1984 espd gr0 0 000 d |
| 020 ## - NÚMERO INTERNACIONAL ESTÁNDAR DEL LIBRO |
| Número Internacional Estándar del Libro |
84-345-8157-4 |
| 082 04 - NÚMERO DE LA CLASIFICACIÓN DECIMAL DEWEY |
| Número de clasificación |
921.3 |
| Número de documento/Ítem |
J65 |
| 100 0# - ENTRADA PRINCIPAL--NOMBRE DE PERSONA |
| Nombre de persona |
Jones, Ernest |
| 245 10 - MENCIÓN DE TÍTULO |
| Título |
Freud / |
| Mención de responsabilidad, etc. |
Ernest Jones; prólogo: C. Castilla del Pino; introducción: Lionel Trillma; traducción: Mario Carlisky. |
| 260 ## - PUBLICACIÓN, DISTRIBUCIÓN, ETC. |
| Lugar de publicación, distribución, etc. |
Barcelona |
| Nombre del editor, distribuidor, etc. |
Salvat |
| Fecha de publicación, distribución, etc. |
1984 |
| 300 ## - DESCRIPCIÓN FÍSICA |
| Extensión |
2V. ; fot., il. |
| 490 ## - MENCIÓN DE SERIE |
| Mención de serie |
Biblioteca Salvat de grandes biografías; No. 12 |
| 500 ## - NOTA GENERAL |
| Nota general |
Biblioteca Lanceros tiene V.1 |
| 500 ## - NOTA GENERAL |
| Nota general |
Edición abreviada en dos volumenes |
| 500 ## - NOTA GENERAL |
| Nota general |
Titulo original: the life and work of sigmund freud |
| 500 ## - NOTA GENERAL |
| Nota general |
ISBN VOL 2: 84-345-8158-2 |
| 650 14 - PUNTO DE ACCESO ADICIONAL DE MATERIA--TÉRMINO DE MATERIA |
| Término de materia o nombre geográfico como elemento de entrada |
FREUD |
| 650 14 - PUNTO DE ACCESO ADICIONAL DE MATERIA--TÉRMINO DE MATERIA |
| Término de materia o nombre geográfico como elemento de entrada |
PSICOANALISIS |
| 650 14 - PUNTO DE ACCESO ADICIONAL DE MATERIA--TÉRMINO DE MATERIA |
| Término de materia o nombre geográfico como elemento de entrada |
SUBCONCIENCIA |
| 650 14 - PUNTO DE ACCESO ADICIONAL DE MATERIA--TÉRMINO DE MATERIA |
| Término de materia o nombre geográfico como elemento de entrada |
SUEÑOS |
| 700 1# - PUNTO DE ACCESO ADICIONAL--NOMBRE DE PERSONA |
| Nombre de persona |
Carlisky, Mario, tr. |
| 700 1# - PUNTO DE ACCESO ADICIONAL--NOMBRE DE PERSONA |
| Nombre de persona |
Trillimo, Lionel, int. |
| 700 1# - PUNTO DE ACCESO ADICIONAL--NOMBRE DE PERSONA |
| Nombre de persona |
Castilla Pino, C. del, pról. |